| 000 | 00571nam a2200217 a 4500 | ||
|---|---|---|---|
| 001 | 0001-2107 | ||
| 003 | ELIB.Books | ||
| 008 | 190723 2010 eng | ||
| 020 | _a0917463048 | ||
| 092 |
_a253 _bShe |
||
| 100 | _aShelley, Marshall. | ||
| 245 | _aWell-Intentioned Dragons | ||
| 260 |
_aCarol Stream, Illinois _bWorld Publishing _c1985 |
||
| 300 |
_a153 _c22.5cm |
||
| 650 | _aChurch Controversies | ||
| 856 |
_nKBTS Library _uKBTS Elib |
||
| 942 |
_2ddc _cBK |
||
| 990 | _a1 | ||
| 998 |
_aEnglishbooks.elf _ccat _e2019-07-23 |
||
| 999 |
_c12107 _d12107 |
||